Capitales situées à plus de 1 500 m d’altitude - Statistiques

Statistiques générales
  • Ce quiz a été pris 40 fois
  • Le résultat moyen est 7 sur 16
Statistiques - réponses
Altitude (m) Capitale % Correct
3 640 La Paz (Bolivie)
92%
2 240 Mexico (Mexique)
76%
2 850 Quito (Équateur)
73%
2 640 Bogota (Colombie)
65%
1 795 Nairobi (Kenya)
54%
2750 Sucre (Bolivie)
54%
2 355 Addis Abeba (Éthiopie)
46%
1 790 Kaboul (Afghanistan)
46%
1 529 Guatemala (Guatemala)
43%
1 567 Kigali (Rwanda)
41%
2 350 Thimphou (Bhoutan)
35%
1 570 Gitega (Burundi)
22%
1 673 Maseru (Lesotho)
22%
2 325 Asmara (Érythrée)
19%
2 250 Sana'a (Yémen)
19%
1 721 Windhoek (Namibie)
19%
Aucun quiz correspondant
Distribution des résultats
% des personnes avec chaque résultat
Percentile par nombre de réponses
Votre historique - résultats
Vous n’avez pas pris ce quiz